000 00418nam a22001457u 4500
008 130405s1967 xxu||||| |||| 00| 0 ger d
041 _ager
100 1 _aBultmann, Rudolf
_910914
245 0 0 _aExegetica
_b:Aufsätze zur Erforschung des Neuen Testaments
_cRudolf Bultmann
260 _aTübingen:
_bMohr,
_c1967
300 _a554 p.
_c;23 cm.
630 0 4 _aBiblia
_pN.T.
_xCrítica
_915443
942 _cBK
001 61277
999 _c240206
_d240206